Скритата война (Запис номер 491510)
[ съкратено ]
| 000 -Лидер | |
|---|---|
| Контролно поле с фиксирана дължина | 01479nam a2200313 a 4500 |
| 003 - Код на организацията, давaща контролен номер | |
| Контролно поле | BLK |
| 005 - Дата и час на последна редакция | |
| Контролно поле | 20250119004058.0 |
| 008 - Елементи от данни с фиксирана дължина | |
| fixed length control field | 230512b bu |||||||||| 00| | bu d |
| 020 ## - Международен стандартен номер на книга ISBN | |
| Международен стандартен номер на книга ISBN | 9786197688177 |
| 040 ## - Източник на каталожния запис | |
| Идентификатор на билиотеката - собственик на записа | BLK |
| 041 ## - Код за език | |
| Код за езика на текст/звукозапис или на отделно заглавие | Български |
| Код за езика КДБФ | Български |
| 080 ## - УДК | |
| Текстов определител УДК | Разузнавателна служба. Тайна служба. Шпионаж. Разузнавателна информация. Вж и 327.84 ; 344.1 |
| УДК код - определител по УДК | 355.40 |
| УДК определител | (091) |
| УДК - код + определител | 355.40(091) |
| 080 ## - УДК | |
| Текстов определител УДК | История на България |
| УДК код - определител по УДК | 94(497.2) |
| УДК определител | "1939/1945" |
| УДК - код + определител | 94(497.2)"1939/1945" |
| 100 ## - Редна дума - Автор | |
| R(LIN) | 244979 |
| Автор | Котев, Николай Георгиев |
| Авторска отговорност | първи автор |
| 139 ## - Редно поле | |
| Редна дума | Котев, Николай Георгиев |
| Авторски знак | Кот - К 87 |
| 245 ## - Сведения за заглавието | |
| Заглавие | Скритата война |
| Подзаглавни данни | чуждестранните разузнавания в България (1939-1945) |
| Редно поле (дума) | Николай Котев |
| 260 ## - Област на издателските данни | |
| 9 (RLIN) | 220482 |
| Място на издаване, разпространение и проч. | София |
| Име на издателя, разпространителя и проч. | Би 93 |
| Година на издаване | 2023 |
| Печатница | ([Костинброд] : Мултипринт ООД) |
| Издателство - префикс ISBN | 954-90275- |
| 300 ## - Физическа характеристика | |
| Страници | 375 с. |
| Размери/Мащаб | 23 см |
| 380 ## - Жанр | |
| Жанр | Обществени науки |
| 500 ## - Общи забележки | |
| Забележка | За авт.: с. 374<br/>Библиогр.: с. 365-373 |
| 650 #0 - Допълнително описание по предмет – тема | |
| 9 (RLIN) | 305283 |
| Основно описание – тема или топоним | Разузнаване, военно - България - история |
| 650 #7 - Допълнително описание по предмет – тема | |
| Основно описание – тема или топоним | История - България |
| Източник на редна или ключова дума | |
| 9 (RLIN) | 157745 |
| 653 #7 - Ключова дума – ненормативна | |
| 9 (RLIN) | 183567 |
| Ключова дума | военно разузнаване |
| 852 ## - Местоположение | |
| Форматна сигнатура | Цб 317973 |
| Фондова буква | Хранилище |
| 856 ## - Електронен адрес и достъп | |
| Инструкция (цена за достъп) | 0.00 |
| Права за достъп | disable |
| 942 ## - АРТИКУЛИ | |
| Вид на библиотечния материал | Книги |
| Скрит в OPAC | Не |
| Периодичен библиозапис | Да |
| 944 ## - СЪЗДАВАНЕ И РЕДАКЦИЯ на ЗАПИСА | |
| Създаване/Редакция | Създаване |
| Дата на регистрацията/редакция | 2023-05-12 |
| Служител, извършил регистрацията/редакцията | |
| Статус, дата на статуса | CRON CRON |
| 999 ## - СИСТЕМНИ КОНТРОЛНИ НОМЕРА | |
| Koha biblionumber | 491510 |
| Koha biblioitemnumber | 491510 |
| 999 ## - СИСТЕМНИ КОНТРОЛНИ НОМЕРА | |
| Koha biblioitemnumber | 491510 |
| Код за отписване | Код за изгубен артикул | Източник на класификационната схема | Код за повреда | Коз за рестрикции | Код за отдаване | Артикулен № | Име на библиотеката - собственик | Име на библиотеката, в която се намира в момента | Статус (Текущо местоположение) | Дата на вписване в системата | Местоположение - отдел | Цена в лева | Инвентарен номер | Систематично азбучна сигнатура | Баркод | Цена в евро | Служебен тип на артикула |
|---|---|---|---|---|---|---|---|---|---|---|---|---|---|---|---|---|---|
| Не е изгубен | Universal Decimal Classification | Не е повреден | само за читалня | ползва се в читалня | 928684 | Регионална библиотека "Любен Каравелов" Русе | Регионална библиотека "Любен Каравелов" Русе | Хранилище | 2023-05-16 | Хранилище | 25.00 | 120000887845 | Цб 317973 | 120000887845 | 12.78 | Книги | |
| Не е изгубен | Universal Decimal Classification | Не е повреден | заемане за дома | 959522 | Регионална библиотека "Любен Каравелов" Русе | Регионална библиотека "Любен Каравелов" Русе | Заемна - подръчен фонд | 2025-01-29 | Заемна - подръчен фонд | 18.75 | 120000917200 | 355.4/К 87 Н | 120000917200 | 9.59 | Книги |